000 00575nam a2200193Ia 4500
005 20250508154834.0
008 008 250505s9999 xx 000 0 eng d
037 _aTextual
040 _aFEDL
_beng
_cFEDL
041 _aeng
_2eng
084 _a336.54, VAS
_qFEDL
100 _aVasudevan A.
245 0 _aDeficit financing controls and movement of prices in India since 1947
260 _aBombay, India
_bAllied Publishers Private Limited
_c1967
300 _ax,239p.
650 _aEconomics
942 _cTEXL
_h336.54, VAS
999 _c1352405
_d1352405